000 00635nam a22001217a 4500
040 _cRUA
082 _aDVM POU 2025 B707 Or.1
100 _aPOUCH sarorn,​ ពួច សារ៉ន
245 _aCase of tick fever disease in canine at animal clinic in songkat beong konseng , banlung city, ratakiri province, ករណីគ្រុនដង្កែលើសុនខនៅគ្លីនិកសត្វ ក្នុងសង្កាត់បឹងកន្សែង ក្រុងបានលុង ខេត្តរតនគីរី
260 _aPHNOM PENH
_bRUA
_c2025
300 _aix,48p.
_bill.
_c29cm.
942 _cNRM
999 _c25694
_d25694